A TEXTBOOK OF PHARMACEUTICAL BIOTECHNOLOGY: as per PCI regulations THIRD YEAR B. PHARM. SEMESTER-VI (Record no. 8426)

MARC details
000 -LEADER
fixed length control field 00518nam a22001817a 4500
005 - DATE AND TIME OF LATEST TRANSACTION
control field 20231027153621.0
008 - FIXED-LENGTH DATA ELEMENTS--GENERAL INFORMATION
fixed length control field 231027b |||||||| |||| 00| 0 eng d
020 ## - INTERNATIONAL STANDARD BOOK NUMBER
ISBN 978-93-89686-34-0
041 ## - LANGUAGE CODE
Language code of text/sound track or separate title eng
082 ## - DEWEY DECIMAL CLASSIFICATION NUMBER
Classification number 615.19
100 ## - MAIN ENTRY--AUTHOR NAME
Personal name KOKARE, PROF.CHANDRAKANT
245 ## - TITLE STATEMENT
Title A TEXTBOOK OF PHARMACEUTICAL BIOTECHNOLOGY: as per PCI regulations THIRD YEAR B. PHARM. SEMESTER-VI
250 ## - EDITION STATEMENT
Edition statement 3RD ED., 2021
260 ## - PUBLICATION, DISTRIBUTION, ETC. (IMPRINT)
Place of publication PUNE
Name of publisher NIRALI PRAKASHAN
Year of publication 2021
300 ## - PHYSICAL DESCRIPTION
Number of Pages 18.14,p
650 ## - SUBJECT ADDED ENTRY--TOPICAL TERM
Topical Term PHARMACY
942 ## - ADDED ENTRY ELEMENTS (KOHA)
Koha item type Books
Holdings
Lost status Damaged status Collection code Home library Current library Shelving location Date acquired Source of acquisition Cost, normal purchase price Full call number Accession Number Koha item type
    PHARMACY JRU Library JRU Library SHELF - 17 - H 03/02/2022 PURCHASE [LBI] 230.00 615.19 26217 Books
    PHARMACY JRU Library JRU Library SHELF-17-G 03/02/2022 PURCHASE [LBI] 230.00 615.19 26218 Books
    PHARMACY JRU Library JRU Library SHELF-17-G 03/02/2022 PURCHASE [LBI] 230.00 615.19 26219 Books